<?xml version="1.0" encoding="UTF-8"?>
<collection xmlns="http://www.loc.gov/MARC21/slim">
<record>
  <controlfield tag="001">167479</controlfield>
  <controlfield tag="005">20260121151437.0</controlfield>
  <datafield tag="037" ind1=" " ind2=" ">
    <subfield code="a">TAZ-TFG-2025-361</subfield>
  </datafield>
  <datafield tag="041" ind1=" " ind2=" ">
    <subfield code="a">spa</subfield>
  </datafield>
  <datafield tag="100" ind1="1" ind2=" ">
    <subfield code="a">Asensio Lastanosa, Marina</subfield>
  </datafield>
  <datafield tag="242" ind1="0" ind2="0">
    <subfield code="a">Effects of delayed clamping and umbilical cord milking on anemia in premature infants.</subfield>
  </datafield>
  <datafield tag="245" ind1="0" ind2="0">
    <subfield code="a">Efectos del pinzamiento tardío y ordeño del cordón umbilical sobre la anemia en prematuros</subfield>
  </datafield>
  <datafield tag="260" ind1=" " ind2=" ">
    <subfield code="a">Zaragoza</subfield>
    <subfield code="b">Universidad de Zaragoza</subfield>
    <subfield code="c">2025</subfield>
  </datafield>
  <datafield tag="500" ind1=" " ind2=" ">
    <subfield code="a">Aporto en secretaría material físico. Resumen disponible también en inglés.</subfield>
  </datafield>
  <datafield tag="506" ind1=" " ind2=" ">
    <subfield code="a">by-nc-sa</subfield>
    <subfield code="b">Creative Commons</subfield>
    <subfield code="c">3.0</subfield>
    <subfield code="u">http://creativecommons.org/licenses/by-nc-sa/3.0/</subfield>
  </datafield>
  <datafield tag="520" ind1=" " ind2=" ">
    <subfield code="a">Introducción: En las últimas décadas, se han demostrado los beneficios del pinzamiento tardío y el ordeño del cordón umbilical, siendo consideradas un factor protector frente a la anemia neonatal. Sin embargo, también muestran efectos adversos, especialmente en los prematuros.&lt;br />Objetivo principal: Averiguar los efectos que produce sobre la anemia la realización del pinzamiento tardío y el ordeño del cordón umbilical en los recién nacidos prematuros.&lt;br />Metodología: Se realizó una revisión bibliográfica de artículos publicados en los últimos 10 años, en español y en inglés, en bases de datos relevantes, consultándose además fuentes primarias y secundarias de información. Se usaron finalmente 42 documentos.&lt;br />Desarrollo: El pinzamiento tardío y el ordeño del cordón umbilical reducen el riesgo de anemia neonatal. Suponen también riesgos demostrados y por ello, su aplicación no está estandarizada. &lt;br />Conclusiones: Ambas estrategias son efectivas para optimizar la transfusión placentaria en prematuros. Por ello, para protocolizar su integración en la práctica asistencial, son precisos nuevos estudios que evalúen sus efectos a largo plazo. Además, es precisa la creación de guías consensuadas que garanticen buenos resultados en cuanto a salud neonatal. &lt;br />Palabras clave: Clampeo del cordón umbilical, anemia, hematocrito, recién nacido prematuro, enfermería.&lt;br />&lt;br /></subfield>
  </datafield>
  <datafield tag="521" ind1=" " ind2=" ">
    <subfield code="a">Graduado en Enfermería</subfield>
  </datafield>
  <datafield tag="540" ind1=" " ind2=" ">
    <subfield code="a">Derechos regulados por licencia Creative Commons</subfield>
  </datafield>
  <datafield tag="856" ind1="0" ind2=" ">
    <subfield code="f">839388@unizar.es</subfield>
  </datafield>
  <datafield tag="856" ind1="4" ind2=" ">
    <subfield code="s">401850</subfield>
    <subfield code="u">http://zaguan.unizar.es/record/167479/files/TAZ-TFG-2025-361.pdf</subfield>
    <subfield code="y">Memoria (spa)</subfield>
  </datafield>
  <datafield tag="909" ind1="C" ind2="O">
    <subfield code="o">oai:zaguan.unizar.es:167479</subfield>
    <subfield code="p">driver</subfield>
    <subfield code="p">trabajos-fin-grado</subfield>
  </datafield>
  <datafield tag="950" ind1=" " ind2=" ">
    <subfield code="a"></subfield>
  </datafield>
  <datafield tag="691" ind1=" " ind2=" ">
    <subfield code="a">0</subfield>
  </datafield>
  <datafield tag="692" ind1=" " ind2=" ">
    <subfield code="a"></subfield>
  </datafield>
  <datafield tag="700" ind1=" " ind2=" ">
    <subfield code="a">Barrio Forné, Natalia</subfield>
    <subfield code="e">dir.</subfield>
  </datafield>
  <datafield tag="710" ind1="2" ind2=" ">
    <subfield code="a">Universidad de Zaragoza</subfield>
    <subfield code="b">Fisiatría y Enfermería</subfield>
    <subfield code="c">Enfermería</subfield>
  </datafield>
  <datafield tag="980" ind1=" " ind2=" ">
    <subfield code="a">TAZ</subfield>
    <subfield code="b">TFG</subfield>
    <subfield code="c">ENFHUES</subfield>
  </datafield>
  <datafield tag="999" ind1=" " ind2=" ">
    <subfield code="a">20250403141558.CREATION_DATE</subfield>
  </datafield>
  <datafield tag="951" ind1=" " ind2=" ">
    <subfield code="a">deposita:2026-01-21</subfield>
  </datafield>
</record>
</collection>